Statistiken für Größte Städte Brandenburgs

Klicken Sie hier um das Quiz zu spielen!

Allgemein

  • Dieses Quiz wurde 14 mal gespielt
  • Das Durchschnittsergebnis liegt bei 6 aus 8

Antwortstatistiken

EinwohnerStadt% Korrekt
185.750Potsdam
100%
73.609Brandenburg
93%
99.515Cottbus
93%
58.230Frankfurt (Oder)
86%
47.752Oranienburg
64%
41.461Eberswalde⁠
57%
43.685Bernau
36%
44.806Falkensee
36%

Verteilung der Resultate

Perzentil nach korrekt beantworteten Fragen

Anzahl Personen mit jedem Resultat

Ihre Resultats-Entwicklung

Sie haben dieses Quiz noch nicht gespielt